| Tag |
First Indicator |
Second Indicator |
Subfields |
| LEADER |
00000cam a2200000 a 4500 |
| 001 |
in00000081805 |
| 005 |
20151008054146.0 |
| 008 |
770408s1977 maua b 00100 engm |
| 010 |
|
|
|a 76011978
|
| 020 |
|
|
|a 0395244773
|
| 035 |
|
|
|a (OCoLC)03018119
|
| 035 |
|
|
|9 AAH9821AM
|
| 040 |
|
|
|a DLC
|c DLC
|d TXA
|d UtOrBLW
|
| 043 |
|
|
|a e------
|
| 049 |
|
|
|a TXAM
|c [1441933]
|
| 050 |
0 |
0 |
|a HQ1588
|b .B43
|
| 082 |
0 |
|
|a 301.41/2/094
|
| 245 |
0 |
0 |
|a Becoming visible :
|b women in European history /
|c edited by Renate Bridenthal, Claudia Koonz.
|
| 264 |
|
1 |
|a Boston :
|b Houghton Mifflin,
|c [1977]
|
| 264 |
|
4 |
|c ©1977
|
| 300 |
|
|
|a x, 510 pages :
|b illustrations ;
|c 24 cm.
|
| 336 |
|
|
|a text
|b txt
|2 rdacontent
|
| 337 |
|
|
|a unmediated
|b n
|2 rdamedia
|
| 338 |
|
|
|a volume
|b nc
|2 rdacarrier
|
| 504 |
|
|
|a Includes bibliographies and index.
|
| 650 |
|
0 |
|a Women
|z Europe
|x History.
|
| 651 |
|
0 |
|a Europe
|x History.
|
| 700 |
1 |
|
|a Bridenthal, Renate.
|
| 700 |
1 |
|
|a Koonz, Claudia.
|
| 999 |
|
|
|a MARS
|
| 999 |
f |
f |
|s 0662cd4e-b5b5-3886-9019-5309ed7bb68c
|i 7b226ad3-3d8c-3ba9-aac3-88e4f1587670
|t 0
|
| 952 |
f |
f |
|p ric
|a Texas A&M University
|b Rellis Campus
|c Joint Library Facility
|d Remote Storage
|t 0
|e HQ1588 .B43
|h Library of Congress classification
|i unmediated -- volume
|m A14806143691
|
| 998 |
f |
f |
|a HQ1588 .B43
|t 0
|l Remote Storage
|